Pro JSF APIs and Ajax : building rich Internet components (Record no. 10549)

000 -LEADER
fixed length control field 00604 a2200205 4500
020 ## - INTERNATIONAL STANDARD BOOK NUMBER
International Standard Book Number 9781590595800
020 ## - INTERNATIONAL STANDARD BOOK NUMBER
International Standard Book Number 9781590595800
020 ## - INTERNATIONAL STANDARD BOOK NUMBER
International Standard Book Number 9781590595800
040 ## - CATALOGING SOURCE
Original cataloging agency DLC
Language of cataloging DLC
082 ## - DEWEY DECIMAL CLASSIFICATION NUMBER
Classification number 005.133
100 1# - MAIN ENTRY--PERSONAL NAME
Personal name Jacobi, Jonas.
245 10 - TITLE STATEMENT
Title Pro JSF APIs and Ajax : building rich Internet components
Remainder of title building rich Internet components
Statement of responsibility, etc. Jonas Jacobi and John R. Fallows.
260 ## - PUBLICATION, DISTRIBUTION, ETC.
Place of publication, distribution, etc. New York :
Name of publisher, distributor, etc. APress
Date of publication, distribution, etc. c2006.
300 ## - PHYSICAL DESCRIPTION
Extent xxii, 435 p. ;
Dimensions 24 cm.
500 ## - GENERAL NOTE
General note Includes index.
650 #0 - SUBJECT ADDED ENTRY--TOPICAL TERM
Topical term or geographic name entry element Web sites
General subdivision Design.
650 #0 - SUBJECT ADDED ENTRY--TOPICAL TERM
Topical term or geographic name entry element .
700 1# - ADDED ENTRY--PERSONAL NAME
Personal name Fallows, John R.
942 ## - ADDED ENTRY ELEMENTS (KOHA)
Koha item type Book
Call number prefix 005.133 JAC
Source of classification or shelving scheme
Holdings
Withdrawn status Lost status Damaged status Not for loan Collection code Permanent Location Current Location Shelving location Date acquired Source of acquisition Cost, normal purchase price Total Checkouts Full call number Barcode Date last seen Price effective from Koha item type
          Central Library (CL) Central Library (CL) First Floor - Software Engineering/ Programming Language 10/06/2011 Global Link Information Services 3811.86   005.133 JAC SEECS010632 11/14/2012 01/05/2017 Book
          Central Library (CL) Central Library (CL) First Floor - Software Engineering/ Programming Language 10/06/2011 Global Link Information Services 3811.86   005.133 JAC SEECS010630 11/14/2012 01/05/2017 Book
          Central Library (CL) Central Library (CL) First Floor - Software Engineering/ Programming Language 10/06/2011 Global Link Information Services 3811.86   005.133 JAC SEECS010631 11/14/2012 01/05/2017 Book
© 2023 Central Library, National University of Sciences and Technology. All Rights Reserved.